000 00563nam a2200157Ia 4500
003 IN-BaIIA
005 20230708162959.0
008 211028s9999 xx 000 0 eng d
040 _cIIA Library
080 _a063:523.34
_bLPI-1
111 _aLunar and planetory science conference
_n12th
_cHouston, Texas
_d1981 Mar. 16-20
_937948
245 0 _aLunar and planetory science
_bproceedings of the twelth lunar and planetory science conference, held in Houston, Texas, March 16-20, 1981
260 _bPergamon Press
_c1981
300 _axii, 1018p.
942 _cBK
_2ddc
999 _c20399
_d20399